000 00378 a2200097 4500
245 0 0 _aSystemy przetwarzania informacji - Współdziałanie systemów otwartych (OSI) Podstawowy Model Odniesienia Nazwy i adresacja PN-92/T-20001.03 /
_cMP i Handlu.
246 1 3 _aPN-92/T-20001.03
246 1 3 _a681.3:621.39
260 _aWarszawa :
_bMP i Handlu,
_c1992.
300 _a21 stron ;
_c30 cm.
650 _aPolska norma
999 _c21488
_d21488